Beyond the spectrum constraint concentration and entry in the broadcasting industry

Guardado en:
Detalles Bibliográficos
Autor principal: Motta, Massimo
Otros Autores: Polo, Michele
Formato: Libro
Lenguaje:inglés
Publicado: Milano IGIER 1997
Colección:Working paper series Working paper n. 115
Materias:
Etiquetas: Agregar Etiqueta
Sin Etiquetas, Sea el primero en etiquetar este registro!

MARC

LEADER 00000nam a2200000 4500
001 c109113
005 20221124074435.6
041 0 |a eng 
044 |a IT 
245 1 0 |a Beyond the spectrum constraint  |b concentration and entry in the broadcasting industry  |c Massimo Motta, Michele Polo 
264 1 |a Milano  |b IGIER  |c 1997 
300 |a 21 s. 
490 1 |a Working paper series  |v Working paper n. 115 
830 0 |a Working paper series  |v Working paper n. 115 
610 2 0 |a rozhlas 
610 2 0 |a médiá 
610 2 0 |a telekomunikácie 
610 2 0 |a priemysel 
610 2 0 |a televízia 
610 2 0 |a rádiotechnika 
610 2 0 |a technika audiovizuálna 
610 2 0 |a technika oznamovacia 
610 2 0 |a modely 
610 2 0 |a reklama 
610 2 0 |a rovnováha 
610 2 0 |a monopoly 
610 2 0 |a konkurencia 
610 2 0 |a porovnanie medzinárodné 
100 1 |a Motta, Massimo 
700 1 |a Polo, Michele